000 00756nam a2200241 c 4500
001 a5626650
003 CO-ViMGA
005 20230915224039.0
008 150325s2014 sp a | |||| 000 1 spa
020 _a9788490940686
040 _aCO-ViMGA
_bspa
_cCO-ViMGA
041 1 _heng
082 _a741.5
_bB26a1
100 1 _aBendis, Brian Michael
_d1967-
_4aut
_98883
245 1 0 _aAsedio /
_cBrian M. Bendis, Mike Deodato ; [traducción, Uriel Lóp̤ez]
260 _aTorroella de Montgrí, Girona
_bPanini Comics
_cD.L. 2014.
300 _a[128] p.
_bprincipalmente il. col.
_c27 cm.
490 0 _aMarvel deluxe
490 0 _aVengadores oscuros
_v3
650 1 4 _aComics
_9284
700 1 _aDeodato, Mike
_d1963-
_edibujante
_4art
_99164
942 _2ddc
_cBK
999 _c11173
_d11173